000 01022nam a22003497a 4500
001 0036616
003 KOHA_MİRAKIL
005 20260207003012.0
007 ta
008 120430b2011 tu |||gr||||#||||0|tur |
020 _a9786055863708
_c8,37
040 _aTR-BiSEU
_btur
_cTR-BiSEU
_erda
041 0 _atur
044 _ctu
050 _aQA184
_b.A93 2011
100 1 _aAydın, Neşet .
245 1 _aÇözümlü soyut cebir problemleri/
_cNeşet Aydın ; Neşet Aydın, Kazım Kaya, Hatice Kandamar.
264 1 _aİstanbul :
_bKriter
_c2011
300 _a218 s.
336 _ametin
_btxt
_2rdacontent
337 _aaracısız
_bn
_2rdamedia
338 _acilt
_bnc
_2rdacarrier
490 1 _aKriter Yayın No ;
_v73.
490 1 _aMatematik Serisi ;
_v1.
500 _aDizin var.
500 _aKaynakça var.
650 0 _aCebir, doğrusal.
_91642
650 0 _aAlgebras, linear.
_94467
830 1 _aKriter Yayın No ;
_v73.
_969293
830 1 _aMatematik Serisi ;
_v1.
_969294
942 _2lcc
_cBK
999 _c36508
_d36508